000 00762cam a22002533a 4500
001 9600
003 PGUSA
005 20140828083214.0
008 060101s2006||||xxu|||||s|||||000 p eng d
040 _aPGUSA
_beng
042 _adc
050 4 _aPS
100 1 _aWhittier, John Greenleaf,
_d1807-1892
245 1 4 _aThe Works of John Greenleaf Whittier, Complete
_h[electronic resource] /
_cJohn Greenleaf Whittier
260 _bProject Gutenberg,
_c2006
500 _aIncludes Etexts 9560 to 9599.
506 _aPublic domain in the USA.
516 _aElectronic text
653 _aAmerican poetry -- 19th century
653 _aAmerican literature
830 0 _aProject Gutenberg
_v9600
856 4 0 _uhttp://www.gutenberg.org/ebooks/9600
942 _cEB
999 _c238856
_d238856